000 00766nam a22001937a 4500
003 OSt
005 20260318142159.0
008 260318b |||||||| |||| 00| 0 eng d
040 _c1
082 _aDPer 372.21 C437 January-December 2024 v. 100 n. 1-6
100 _aTutunji, Suha.
_eauthor.
_969990
245 _aThe Story of Azima :
_bDistance Learning in Lebanon /
_cSuha Tutunji and Tanya Nammour.
260 _aWashington, D.C., USA.
_bRoutledge Taylor & Francis Group
_cJuly-August 2024
300 _aVolume 100, pages 38-43 ;
_bIllustration ;
_c27 cm.
500 _aChildhood Education Innovations, volume 100, no. 3, pages 38-43 , July-August 2024.
700 _aTutunji, Suha.
_eauthor.
_969990
700 _aNammour, Tanya.
_eauthor.
_969991
942 _2ddc
_cPER
999 _c24423
_d24423